[Event "Vrindavana MMT op"]
[Site "Mathura"]
[Date "2023.04.26"]
[Round "8"]
[White "Harsh, Himanshu"]
[Black "Bright Lee, M Sunilkumar"]
[Result "1/2-1/2"]
[WhiteElo "1765"]
[BlackElo "1593"]
[PlyCount "116"]
[EventDate "2023.04.23"]
[EventType "swiss"]
[EventRounds "9"]
[EventCountry "IND"]
[SourceTitle "CBM 213 Extra"]
[Source "ChessBase"]
[SourceDate "2023.05.31"]
[SourceVersion "1"]
[SourceVersionDate "2023.05.31"]
[SourceQuality "1"]

1. e4 c5 2. Nf3 d6 3. d4 cxd4 4. Nxd4 Nf6 5. Nc3 g6 6. f4 Nc6 7. Nxc6 bxc6 8. e5 dxe5 9. Qxd8+ Kxd8 10. fxe5 Nd5 11. Bc4 Nxc3 12. bxc3 Bf5 13. Bxf7 e6 14. Bg5+ Kc7 15. Bf6 Bc5 16. Bxh8 Rxh8 17. h3 h5 18. Rf1 h4 19. 0-0-0 Rf8 20. Rxf5 gxf5 21. Bxe6 Ba3+ 22. Kd2 Rd8+ 23. Ke2 Re8 24. Rd7+ Kb6 25. Bc4 Rxe5+ 26. Kf3 Bc1 27. Bd3 Bd2 28. Rf7 Be1 29. Rxf5 Rxf5+ 30. Bxf5 Bg3 31. Ke4 Kc5 32. Be6 Kd6 33. Bf7 Ke7 34. Bg8 Kd6 35. Kd4 c5+ 36. Kc4 Kc6 37. Bd5+ Kb6 38. Bf3 Be1 39. a4 a5 40. g4 hxg3 41. Kd3 Kc7 42. Bg2 Kd6 43. h4 Ke5 44. h5 Kf5 45. Kc4 Kg5 46. Kxc5 Bxc3 47. Kc4 Bf6 48. Kd3 Kxh5 49. c4 Kg6 50. c5 Kf7 51. Kc4 Ke6 52. Bh3+ Ke5 53. Kb5 Bd8 54. Bg2 Kd4 55. Bh1 Be7 56. c6 Bd8 57. Bg2 Bc7 58. Bh1 Bd8 1/2-1/2